Loading...

Tradition, Dissent and ideology: Essays in honour of Romila Thapar /

Bibliographic Details
Other Authors: Gopal, S
Format: Printed Book
Language:English
Published: Delhi: OUP, 1996.
Subjects:
LEADER 00742cam a2200253ua 4500
008 060815t1996||||||||||| 001 ||eng c
020 |a 0-19-563867-0 
041 0 |a eng 
082 |a 320.52  |b TRA 
245 0 0 |a Tradition, Dissent and ideology: Essays in honour of Romila Thapar /  
260 |a Delhi:  |b OUP,  |c 1996. 
300 |a viii, 356p.. 
362 1 |a 1996. 
365 |a Rs.495/-  |e hb 
500 |a Includes index. 
650 |a Tradition 
650 0 |a Ideology 
650 0 |a Indian History 
650 0 |a Vedic age 
650 0 |a Romila Thapar,s concerns 
700 0 2 |a Gopal, S  
942 |c BK 
999 |c 7773  |d 7773 
952 |0 0  |1 0  |4 0  |6 320_520000000000000_TR  |7 0  |9 8126  |a KUCL  |b KUCL  |d 2014-05-23  |l 0  |o 320.52 TR  |p 01028  |r 2014-05-23  |w 2014-05-23  |y BK